000 01008nam a2200265 a 4500
001 BRCA_2164
005 20190320203709.0
008 941003s1991 mx-a---##b---#100-0#spa-#
020 _a9683616461
040 _aDLC
_cDLC
041 _aspaengpor
050 4 _aE123
_b.M55 1988
245 1 0 _a1492 dos mundos
_bparalelismos y convergencias
_cXII Coloquio Internacional de Historia del Arte.
260 _aMéxico
_bUNAM, Instituto de Investigaciones Estéticas
_c1991
300 _a302 p.
_bil., 104 p. de láminas, mapas
_c23 cm.
440 0 _aEstudios de arte y estética
_v32
_96522
504 _aIncluye referencias bibliográficas
546 _aTexto en : español, inglés y portugués
611 2 4 _aColoquio Internacional de Historia del Arte
_n12th
_d1988
_96523
650 1 4 _aArte indígena
_xHistoria
_zAmérica Latina
_96524
650 1 4 _aArtes europeas
_xHistoria
_96525
650 1 4 _aArte renacentista
_vCongresos
_96526
651 4 _aAmérica
_xDescubrimiento y exploración
_9584
942 _2lcc
_cB
999 _c1920
_d1920